000 01043cam a22003255a 4500
001 016135345
003 Uk
005 20160810142000.0
008 120725s2016 enka frb 001 0 eng|d
015 _aGBB274599
_2bnb
016 7 _a016135345
_2Uk
020 _a9780415695855
020 _a0415695856
040 _aStDuBDS
_beng
_cStDuBDS
_dEG-ScBUE
042 _aukblcatcopy
082 0 4 _222
_a657.3
_bREG
100 1 _aO'Regan, Philip‏.
_940713
245 1 0 _aFinancial information analysis :
_bthe role of accounting information in modern society /
_cPhilip O'Regan.
250 _a3rd ed.
260 _aOxford ;
_aNew York :
_bRoutledge / Taylor & Francis Group,
_cc.2016.
300 _axxiii, 612 p. :
_bill. ;
_c26 cm.
500 _aIndex : p. 593-612.
504 _aBibliography : p. 591-592.
650 7 _aFinancial statements.
_2BUEsh
_94982
650 7 _aAccounting.
_2BUEsh
_99036
651 _2BUEsh
653 _bBUSADM
_cAugust 2016
690 7 _aManagement and Business Studies
_2blcoll
942 _2ddc
_e22
_k657.3 REG
999 _c22156
_d22128